Exploring the Philosophy of Religion (Record no. 20235)

MARC details
000 -LEADER
fixed length control field 00320nam a22001337a 4500
020 ## - INTERNATIONAL STANDARD BOOK NUMBER
ISBN 0-13-297366-9
082 ## - DEWEY DECIMAL CLASSIFICATION NUMBER
Classification number 200.1 STE
100 ## - MAIN ENTRY--AUTHOR NAME
Author name Stewart, David
245 ## - TITLE STATEMENT
Title Exploring the Philosophy of Religion
260 ## - PUBLICATION, DISTRIBUTION, ETC. (IMPRINT)
Place of publication Englewood Cliffs
Name of publisher New Delhi
Year of publication 1970
300 ## - PHYSICAL DESCRIPTION
Number of Pages 404
650 ## - SUBJECT ADDED ENTRY--TOPICAL TERM
Topical Term Religion-Philosophy
942 ## - ADDED ENTRY ELEMENTS (KOHA)
Koha item type Books
Holdings
Home library Current library Date acquired Cost, normal purchase price Full call number Accession Number Koha item type
Henry Martyn Institute Library Henry Martyn Institute Library 04/11/2018 300.00 200.1 STE 014281 E-Books
                   Copyright © 2026 | Henry Martyn Institute | Hyderabad | TS-500052 | INDIA | Implemented by hmi.edu.in
Hit-Count:

Powered by Koha